000 00644nam a2200241Ia 4500
003 OSt
005 20221005093235.0
006 a|||||r|||| 00| 0
007 ta
008 221004b |||||||| |||| 00| 0 eng d
024 _a31594
037 _cTextual
040 _aCRL
_cCRL
_beng
041 _2eng
_aeng
082 _aX.4.N7x, K8
100 _aMyrdal Gunnar
245 0 _aApproach to the Asian drama
_b Methodological and theoretical
260 _aNew York
_bVintage Books
_c1970
300 _a1551p.
_ccm.
650 _aECONOMICS
942 _hX.4.N7x, K8
_cTEXL
_2cc
999 _c1000038
_d1000038